| 000 | 00448nam a2200181Ia 4500 | ||
|---|---|---|---|
| 001 | 10571 | ||
| 005 | 20260306161842.0 | ||
| 008 | 260306t2011||||xx |||||||||||||| ||spa|| | ||
| 041 | _aESP | ||
| 082 |
_a940.3 _bL94 |
||
| 100 |
_aLozano, Álvaro _eAUT |
||
| 245 | 0 | _aBreve historia de la primera guerra mundial (1914-1918) | |
| 260 | _c2011 | ||
| 300 |
_a379 páginas : _c19 cm. |
||
| 650 | _aGEN | ||
| 654 | _aCHU | ||
| 942 |
_cLIB _dJUS _fJUS _2ddc _n |
||
| 999 |
_c10571 _d10571 |
||